Principles and methods of effective teaching / (Record no. 98930)

MARC details
000 -LEADER
fixed length control field 00703nam a22002297i 4500
003 - CONTROL NUMBER IDENTIFIER
control field URS
005 - DATE AND TIME OF LATEST TRANSACTION
control field 20260224142719.0
008 - FIXED-LENGTH DATA ELEMENTS--GENERAL INFORMATION
fixed length control field 170217s1988 ph ||||| |||| 00| 0 eng d
020 ## - INTERNATIONAL STANDARD BOOK NUMBER
International Standard Book Number 9710831887
040 ## - CATALOGING SOURCE
Transcribing agency URS
Modifying agency URS
050 00 - LIBRARY OF CONGRESS CALL NUMBER
Classification number LB1731
Item number .A56 1998
100 1# - MAIN ENTRY--PERSONAL NAME
Personal name Aquino, Gaudencio V.
Titles and words associated with a name author
245 10 - TITLE STATEMENT
Title Principles and methods of effective teaching /
Statement of responsibility, etc. Gaudencio V. Aquino ‡
264 #1 - PRODUCTION, PUBLICATION, DISTRIBUTION, MANUFACTURE, AND COPYRIGHT NOTICE
Place of production, publication, distribution, manufacture Metro Manila :
Name of producer, publisher, distributor, manufacturer National Book Store,
Date of production, publication, distribution, manufacture, or copyright notice [date of publication not identified].
264 #4 - PRODUCTION, PUBLICATION, DISTRIBUTION, MANUFACTURE, AND COPYRIGHT NOTICE
Date of production, publication, distribution, manufacture, or copyright notice © 1988
300 ## - PHYSICAL DESCRIPTION
Extent viii, 627 p.
Other physical details col. ill.; 22 cm.
336 ## - CONTENT TYPE
Content type term text
Content type code txt
Source rdacontent
337 ## - MEDIA TYPE
Media type term unmediated
Media type code n
Source rdamedia
338 ## - CARRIER TYPE
Carrier type term volume
Carrier type code nc
Source rdacarrier
650 #0 - SUBJECT ADDED ENTRY--TOPICAL TERM
Topical term or geographic name entry element Education
942 00 - ADDED ENTRY ELEMENTS (KOHA)
Koha item type Filipiniana
Source of classification or shelving scheme Library of Congress Classification

No items available.

University of Rizal System
Email us at univlibservices@urs.edu.ph

Visit our Website www.urs.edu.ph/library